The military balance 2017
The annual assessment of global military capabilities and defence economics
Saved in:
| Corporate Author: | |
|---|---|
| Format: | Book Chapter |
| Language: | English |
| Published: |
London, UK
Routledge
2017
|
| Subjects: | |
| Tags: |
Add Tag
No Tags, Be the first to tag this record!
|
| Call Number : | UA 15 .M55 2017 |
MARC
| LEADER | 00000naa a2200000 c 4500 | ||
|---|---|---|---|
| 001 | 101103 | ||
| 003 | MY-KLNDU | ||
| 005 | 20241220035631.0 | ||
| 008 | 221104 2017 xxkab i 000 0 eng d | ||
| 020 | |a 9781857439007 | ||
| 022 | |a 0459-7222 | ||
| 039 | 9 | |a 202211041150 |b VLOAD |c 202007071554 |d faezah |c 201706050950 |d faezah |y 201706050950 |z faezah | |
| 040 | |a UPNM |b eng |c UPNM |e rda | ||
| 090 | |a UA 15 |b .M55 2017 | ||
| 245 | 0 | 4 | |a The military balance 2017 |c International Institute for Strategic Studies |
| 264 | 1 | |a London, UK |b Routledge |c 2017 | |
| 300 | |a 576 pages |b illustrations, maps |c 25 cm |e 1 map (59 x 89.5 cm.) | ||
| 336 | |a text |2 rdacontent | ||
| 337 | |a unmediated |2 rdamedia | ||
| 338 | |a volume |2 rdacarrier | ||
| 500 | |a Includes index | ||
| 500 | |a Accompanied by 1 folded color map | ||
| 520 | |a The annual assessment of global military capabilities and defence economics | ||
| 592 | |b 25/5/2017 |c Hadiah & Sumbangan |h IISS | ||
| 650 | 0 | |a Armed Forces | |
| 650 | 0 | |a Sociology, Military | |
| 650 | 0 | |a Military Capital | |
| 650 | 0 | |a Military readiness | |
| 650 | 0 | |a Military statistics | |
| 710 | 2 | |a International Institute for Strategic Studies (IISS) | |
| 999 | |a vtls000058895 |c 101103 |d 101103 | ||


